000 00550nam a2200121 a 4500
008 080904s2006 ||||||||||||||||| || u
050 _aTHESIS/POSTGRADUATE
100 _aSiwale, Juliana, Nangogo
245 1 4 _aThe role of Loan Officers and Clients in the diffusion of microfinance: A study of Pride Zambia and CetZam in Zambia
260 _aDurham
_bDurham University
_c2006
350 _a0.00
995 _D0.00
_FCBU-MAIN LIBRARY (Kitwe)
_H1
_I0.00
_M1
_UAVAILABLE
_WSep 4, 2008
_ZUniversity Collection
999 _c56681
_d56681